Engineering Drawing with A Primer on Autocad / (Record no. 616010)

000 -LEADER
fixed length control field 00547nam a22001697a 4500
003 - CONTROL NUMBER IDENTIFIER
control field NUST
005 - DATE AND TIME OF LATEST TRANSACTION
control field 20260202150224.0
008 - FIXED-LENGTH DATA ELEMENTS--GENERAL INFORMATION
fixed length control field 260202b ||||| |||| 00| 0 eng d
020 ## - INTERNATIONAL STANDARD BOOK NUMBER
International Standard Book Number 978-81-203-2440-4
082 ## - DEWEY DECIMAL CLASSIFICATION NUMBER
Classification number 604.26218
100 ## - MAIN ENTRY--PERSONAL NAME
Personal name Arshad N. Siddiquee, Mukhtar Ahmad, Zahid A. Khan
9 (RLIN) 133017
245 ## - TITLE STATEMENT
Title Engineering Drawing with A Primer on Autocad /
Statement of responsibility, etc. Arshad N. Siddiquee, Mukhtar Ahmad, Zahid A. Khan.
260 ## - PUBLICATION, DISTRIBUTION, ETC.
Place of publication, distribution, etc. India:
Name of publisher, distributor, etc. PHI Learning Private Limited,
Date of publication, distribution, etc. 2004.
300 ## - PHYSICAL DESCRIPTION
Extent 312 p
Dimensions 23.3 cm
563 ## - BINDING INFORMATION
Binding note Paperback
942 ## - ADDED ENTRY ELEMENTS (KOHA)
Source of classification or shelving scheme
Koha item type Book
Holdings
Withdrawn status Lost status Source of classification or shelving scheme Damaged status Not for loan Permanent Location Current Location Date acquired Total Checkouts Full call number Barcode Date last seen Price effective from Koha item type
          Institute of Geographical Information Systems (IGIS) Institute of Geographical Information Systems (IGIS) 02/02/2026   604.26218 IGIS-629 02/02/2026 02/02/2026 Book
© 2023 Central Library, National University of Sciences and Technology. All Rights Reserved.